[Event "Plunge op 37th"]
[Site "Plateliai"]
[Date "2017.07.24"]
[Round "8"]
[White "Boyajyan, David"]
[Black "Bucinskas, Lukas"]
[Result "0-1"]
[WhiteElo "1613"]
[BlackElo "1882"]
[PlyCount "50"]
[EventDate "2017.07.17"]
[EventType "swiss"]
[EventRounds "9"]
[EventCountry "LTU"]
[SourceTitle "EXT 2019"]
[Source "ChessBase"]
[SourceDate "2018.10.10"]
[SourceVersion "1"]
[SourceVersionDate "2018.10.10"]
[SourceQuality "1"]

1. d4 Nf6 2. c4 e5 3. dxe5 Ng4 4. Nf3 Bc5 5. e3 Nc6 6. a3 a5 7. Nc3 Ngxe5 8. Nxe5 Nxe5 9. Be2 0-0 10. 0-0 Ra6 11. Ne4 Be7 12. b3 Rh6 13. Bb2 Bf6 14. Nxf6+ Qxf6 15. f4 Nf3+ 16. Rxf3 Qxb2 17. Bd3 Re8 18. Rf2 Qf6 19. e4 d6 20. Raa2 Qc3 21. Qc2 Qd4 22. Kh1 f5 23. exf5 Bxf5 24. Re2 Rxe2 25. Qxe2 Re6 0-1

[Event "Plunge op 37th"]
[Site "Plateliai"]
[Date "2017.07.17"]
[Round "1"]
[White "Bucinskas, Lukas"]
[Black "Vaiciunas, Giedrius"]
[Result "1-0"]
[WhiteElo "1882"]
[BlackElo "1148"]
[PlyCount "47"]
[EventDate "2017.07.17"]
[EventType "swiss"]
[EventRounds "9"]
[EventCountry "LTU"]
[SourceTitle "EXT 2019"]
[Source "ChessBase"]
[SourceDate "2018.10.10"]
[SourceVersion "1"]
[SourceVersionDate "2018.10.10"]
[SourceQuality "1"]

1. c4 e6 2. g3 Nf6 3. Bg2 Be7 4. Nf3 d6 5. 0-0 e5 6. d4 Nc6 7. Nc3 exd4 8. Nxd4 Nxd4 9. Qxd4 a6 10. e4 Qd7 11. h3 h6 12. Kh2 Rg8 13. Re1 c6 14. e5 dxe5 15. Qxe5 Qe6 16. Bd2 Qxe5 17. Rxe5 Be6 18. Rae1 Kf8 19. Ne4 Nxe4 20. R5xe4 Bf6 21. f4 Bf5 22. Bb4+ Be7 23. Rxe7 b6 24. Re8# 1-0

[Event "LTU-chT"]
[Site "Lithuania"]
[Date "2017.02.18"]
[Round "3.8"]
[White "Gailiunas, Vytautas"]
[Black "Bucinskas, Lukas"]
[Result "1-0"]
[WhiteElo "1639"]
[BlackElo "1917"]
[PlyCount "73"]
[EventDate "2017.01.28"]
[EventType "team-swiss"]
[EventRounds "7"]
[EventCountry "LTU"]
[SourceTitle "CBM 176 Extra"]
[Source "ChessBase"]
[SourceDate "2017.03.02"]
[SourceVersion "1"]
[SourceVersionDate "2017.03.02"]
[SourceQuality "1"]
[WhiteTeam "Kaunas LSM"]
[BlackTeam "Siauliai Tomas"]
[WhiteTeamCountry "LTU"]
[BlackTeamCountry "LTU"]

1. d4 g6 2. Nf3 Bg7 3. c4 Nf6 4. Nc3 0-0 5. e4 d6 6. Be2 Nbd7 7. 0-0 e5 8. d5 a5 9. Qc2 Nc5 10. Bg5 h6 11. Be3 Ncd7 12. Nd2 Nh7 13. a3 b6 14. b4 f5 15. f3 f4 16. Bf2 Qg5 17. Nb5 Ndf6 18. Kh1 Rf7 19. c5 bxc5 20. bxc5 Bf8 21. Rfc1 Nh5 22. Nf1 Qf6 23. Rab1 g5 24. cxd6 cxd6 25. Nc7 Bh3 26. Nxa8 Bxg2+ 27. Kxg2 g4 28. Qc8 g3 29. hxg3 fxg3 30. Be3 Ng5 31. Rc7 Rxc7 32. Nxc7 Nf4+ 33. Bxf4 exf4 34. Ne6 Nh7 35. Nxf8 Nxf8 36. Rb8 Kg7 37. Qxf8+ 1-0

[Event "Plunge op 36th"]
[Site "Plateliai"]
[Date "2016.07.24"]
[Round "9"]
[White "Bucinskas, Lukas"]
[Black "Bagvilas, Lukas"]
[Result "1-0"]
[WhiteElo "1900"]
[BlackElo "1655"]
[PlyCount "89"]
[EventDate "2016.07.18"]
[EventType "swiss"]
[EventRounds "9"]
[EventCountry "LTU"]
[SourceTitle "EXT 2018"]
[Source "ChessBase"]
[SourceDate "2017.10.13"]
[SourceVersion "1"]
[SourceVersionDate "2017.10.13"]
[SourceQuality "1"]

1. d4 f5 2. Bg5 h6 3. Bd2 Nf6 4. Nc3 d6 5. f4 e6 6. Nf3 Be7 7. e3 b6 8. Bd3 Bb7 9. 0-0 0-0 10. Qe2 Ne4 11. Be1 Nd7 12. Nd1 c5 13. b4 d5 14. bxc5 bxc5 15. Bxe4 fxe4 16. Ne5 Nxe5 17. fxe5 c4 18. Rb1 Rxf1+ 19. Qxf1 Ba6 20. Qe2 Rb8 21. Rxb8 Qxb8 22. h3 Qb1 23. a4 Qa1 24. a5 Bd8 25. Bc3 Qa2 26. Qd2 Bb5 27. Kh2 Ba4 28. Bb2 Bc7 29. Qb4 Bxc2 30. Nc3 Qxa5 31. Qe7 Qb6 32. Ba3 Bd8 33. Qe8+ Kh7 34. Bd6 Bh4 35. Qxe6 Qa5 36. Nxd5 Qe1 37. Qf5+ Kh8 38. e6 c3 39. e7 Ba4 40. Qf8+ Kh7 41. Be5 Bg3+ 42. Bxg3 Qxg3+ 43. Kxg3 c2 44. e8Q Bxe8 45. Ne7 1-0

[Event "Plunge op 36th"]
[Site "Plateliai"]
[Date "2016.07.21"]
[Round "6"]
[White "Petraitis, Gintautas"]
[Black "Bucinskas, Lukas"]
[Result "1/2-1/2"]
[WhiteElo "1885"]
[BlackElo "1900"]
[PlyCount "99"]
[EventDate "2016.07.18"]
[EventType "swiss"]
[EventRounds "9"]
[EventCountry "LTU"]
[SourceTitle "EXT 2018"]
[Source "ChessBase"]
[SourceDate "2017.10.13"]
[SourceVersion "1"]
[SourceVersionDate "2017.10.13"]
[SourceQuality "1"]

1. e4 Nc6 2. Nc3 Nf6 3. d4 d5 4. e5 Ne4 5. Bd3 Nxd4 6. Nxe4 dxe4 7. Bxe4 Bf5 8. Bxf5 Nxf5 9. Bf4 e6 10. Nf3 Bc5 11. 0-0 c6 12. c3 a5 13. Qc2 0-0 14. Rad1 Qc7 15. g4 Ne7 16. Ng5 Ng6 17. Bg3 h6 18. Ne4 Be7 19. Nd6 Rad8 20. f4 Qb6+ 21. Qf2 Qxf2+ 22. Bxf2 Bxd6 23. Rxd6 Rxd6 24. exd6 Rd8 25. f5 exf5 26. gxf5 Nf8 27. Re1 Nd7 28. Bh4 f6 29. Bg3 Ne5 30. Bxe5 fxe5 31. Rxe5 Rxd6 32. Rxa5 Rd1+ 33. Kf2 Rd2+ 34. Kg3 Rxb2 35. h4 Kf7 36. a4 Kf6 37. Rc5 Re2 38. Kf4 Rf2+ 39. Kg4 Rf1 40. h5 Rg1+ 41. Kf4 Ra1 42. a5 Ra4+ 43. c4 Ra1 44. Kg4 Rd1 45. a6 Rd4+ 46. Kg3 bxa6 47. Rxc6+ Kxf5 48. Rc5+ Kf6 49. Rc6+ Kf5 50. Rc5+ 1/2-1/2

[Event "Plunge op 36th"]
[Site "Plateliai"]
[Date "2016.07.19"]
[Round "2"]
[White "Griciute, Rosita"]
[Black "Bucinskas, Lukas"]
[Result "0-1"]
[WhiteElo "1688"]
[BlackElo "1900"]
[PlyCount "74"]
[EventDate "2016.07.18"]
[EventType "swiss"]
[EventRounds "9"]
[EventCountry "LTU"]
[SourceTitle "EXT 2018"]
[Source "ChessBase"]
[SourceDate "2017.10.13"]
[SourceVersion "1"]
[SourceVersionDate "2017.10.13"]
[SourceQuality "1"]

1. e4 Nc6 2. Nf3 g6 3. d3 Bg7 4. Nc3 d6 5. h3 Nf6 6. Be2 0-0 7. 0-0 h6 8. d4 d5 9. exd5 Nxd5 10. Nxd5 Qxd5 11. c3 g5 12. Nd2 e5 13. Bc4 Qd8 14. dxe5 Nxe5 15. Bb3 g4 16. Ne4 gxh3 17. Qxd8 Rxd8 18. Bf4 hxg2 19. Kxg2 Bg4 20. Ng3 Bf3+ 21. Kg1 Nd3 22. Be3 Nxb2 23. Nf5 Nd3 24. Nxg7 Kxg7 25. Kh2 Bh5 26. Rg1+ Bg6 27. Bd4+ Kh7 28. Bxf7 Nf4 29. Rg4 Rd7 30. Bxg6+ Nxg6 31. Rag1 Rg8 32. a4 b6 33. Be3 Rd5 34. R4g3 h5 35. Rg5 Rxg5 36. Bxg5 h4 37. Kh3 Ne5 0-1

[Event "LTU-ch sf"]
[Site "Vilnius"]
[Date "2016.03.11"]
[Round "8"]
[White "Salna, Aleksandras"]
[Black "Bucinskas, Lukas"]
[Result "1/2-1/2"]
[WhiteElo "1840"]
[BlackElo "1890"]
[PlyCount "85"]
[EventDate "2016.03.06"]
[EventType "swiss"]
[EventRounds "8"]
[EventCountry "LTU"]
[SourceTitle "CBM 171 Extra"]
[Source "ChessBase"]
[SourceDate "2016.04.26"]
[SourceVersion "1"]
[SourceVersionDate "2016.04.26"]
[SourceQuality "1"]

1. d4 d5 2. Nf3 e6 3. c4 Nf6 4. Nc3 Nbd7 5. Bg5 Be7 6. e3 0-0 7. cxd5 exd5 8. Bd3 c6 9. 0-0 h6 10. Bh4 Re8 11. Rb1 Ne4 12. Bxe7 Rxe7 13. Bxe4 dxe4 14. Nd2 f5 15. Na4 Nf6 16. Nc4 Nd5 17. Ne5 Qe8 18. b4 Kh7 19. Qc2 g5 20. Nc3 Nxc3 21. Qxc3 f4 22. f3 exf3 23. Rxf3 Bf5 24. Re1 Be4 25. Rf2 fxe3 26. Rxe3 Bd5 27. Rf6 Re6 28. Qd3+ Kg7 29. Rf7+ Qxf7 30. Nxf7 Rxe3 31. Qxe3 Kxf7 32. Qe5 Re8 33. Qf5+ Ke7 34. a3 Bf7 35. g3 a6 36. Qh7 h5 37. Kf2 g4 38. Qf5 Kf8 39. Qd7 Re7 40. Qd6 Bc4 41. Qh6+ Kg8 42. Qg5+ Kf8 43. Qh6+ 1/2-1/2

[Event "LTU-ch sf"]
[Site "Vilnius"]
[Date "2016.03.09"]
[Round "6"]
[White "Klabis, Rokas"]
[Black "Bucinskas, Lukas"]
[Result "1-0"]
[WhiteElo "2246"]
[BlackElo "1890"]
[PlyCount "89"]
[EventDate "2016.03.06"]
[EventType "swiss"]
[EventRounds "8"]
[EventCountry "LTU"]
[SourceTitle "CBM 171 Extra"]
[Source "ChessBase"]
[SourceDate "2016.04.26"]
[SourceVersion "1"]
[SourceVersionDate "2016.04.26"]
[SourceQuality "1"]

1. e4 Nc6 2. Nc3 Nf6 3. d4 d5 4. e5 Ne4 5. Nxe4 dxe4 6. Bb5 Bd7 7. Ne2 Nxe5 8. Bxd7+ Nxd7 9. Ng3 Nf6 10. c3 Qd5 11. Qa4+ c6 12. 0-0 Nd7 13. Qb3 Nb6 14. Re1 f5 15. Qxd5 cxd5 16. Nxf5 e6 17. Ne3 g6 18. a4 a5 19. b3 Bd6 20. Bd2 Bf4 21. Rac1 Bxe3 22. Rxe3 Nd7 23. c4 b6 24. f3 Nf6 25. cxd5 exd5 26. Rc6 Kf7 27. Rxb6 Rab8 28. Rxb8 Rxb8 29. Bxa5 exf3 30. gxf3 g5 31. Bc7 Rb4 32. Be5 h5 33. Kf2 g4 34. Kg3 Kg6 35. a5 gxf3 36. Bxf6 Kxf6 37. Kxf3 Rxd4 38. a6 Rg4 39. Re8 Rg7 40. b4 Ra7 41. b5 Kf7 42. Rh8 Ke6 43. b6 Rxa6 44. b7 Rb6 45. b8Q 1-0

[Event "LTU-chT"]
[Site "Lithuania"]
[Date "2016.02.06"]
[Round "3.4"]
[White "Barsciauskas, Gintautas"]
[Black "Bucinskas, Lukas"]
[Result "0-1"]
[WhiteElo "1716"]
[BlackElo "1890"]
[PlyCount "84"]
[EventDate "2016.01.23"]
[EventType "team-swiss"]
[EventRounds "7"]
[EventCountry "LTU"]
[SourceTitle "CBM 170 Extra"]
[Source "ChessBase"]
[SourceDate "2016.02.25"]
[SourceVersion "1"]
[SourceVersionDate "2016.02.25"]
[SourceQuality "1"]
[WhiteTeam "Klaipeda Bokstas"]
[BlackTeam "Siauliai Tomas"]
[WhiteTeamCountry "LTU"]
[BlackTeamCountry "LTU"]

1. e4 Nc6 2. d4 d5 3. e5 Bf5 4. c3 e6 5. Nf3 Nge7 6. Bd3 Bg6 7. Bg5 Qd7 8. Qe2 Bxd3 9. Qxd3 Ng6 10. Nbd2 b6 11. b4 a5 12. b5 Na7 13. a4 h6 14. Be3 Be7 15. 0-0 0-0 16. Rfc1 c6 17. c4 dxc4 18. Nxc4 Rab8 19. bxc6 Nxc6 20. Qe4 Nb4 21. Bd2 Nd5 22. g3 Rfc8 23. Ne1 Rc7 24. Nd3 Rbc8 25. Ndb2 Bb4 26. Be3 Nge7 27. Qd3 Nf5 28. Bd2 b5 29. Ne3 Rxc1+ 30. Bxc1 Nfxe3 31. fxe3 bxa4 32. Nxa4 Rxc1+ 33. Rxc1 Qxa4 34. Kf2 Qd7 35. Kf3 a4 36. Qa6 Nc3 37. Qa8+ Kh7 38. Ra1 a3 39. Rxa3 Bxa3 40. Qxa3 Qc6+ 41. Kf2 Ne4+ 42. Ke2 Qc2+ 0-1

[Event "Plunge op 35th"]
[Site "Plateliai"]
[Date "2015.07.21"]
[Round "3"]
[White "Bucinskas, Lukas"]
[Black "Riauka, Vytautas"]
[Result "1/2-1/2"]
[WhiteElo "1835"]
[BlackElo "1562"]
[PlyCount "96"]
[EventDate "2015.07.20"]
[EventType "swiss"]
[EventRounds "9"]
[EventCountry "LTU"]
[SourceTitle "EXT 2018"]
[Source "ChessBase"]
[SourceDate "2017.10.13"]
[SourceVersion "1"]
[SourceVersionDate "2017.10.13"]
[SourceQuality "1"]

1. c4 c6 2. d4 d5 3. Nc3 e6 4. cxd5 exd5 5. Nf3 Nf6 6. Bg5 Be7 7. e3 Bg4 8. Be2 Nbd7 9. 0-0 0-0 10. a3 Ne8 11. Bxe7 Qxe7 12. h3 Bh5 13. b4 Nd6 14. Rb1 a6 15. a4 Nf6 16. Nd2 Bg6 17. Rb2 b5 18. Nb3 Nc4 19. Bxc4 dxc4 20. Nc5 Nd5 21. Qd2 Rfd8 22. Ra1 Nxb4 23. axb5 cxb5 24. Nxb5 axb5 25. Rxa8 Rxa8 26. Qxb4 Ra1+ 27. Kh2 Qd6+ 28. f4 h6 29. Qd2 Qc6 30. Qc3 Rb1 31. Re2 Be4 32. Rd2 Bd5 33. Qc2 Ra1 34. e4 Be6 35. Qc3 Re1 36. Qb4 Rxe4 37. Nxe4 Qxe4 38. d5 Bxd5 39. Qd6 Be6 40. Qb8+ Kh7 41. Rd8 Bd5 42. Rh8+ Kg6 43. Qb6+ f6 44. Qf2 c3 45. Rc8 b4 46. Qg3+ Kh7 47. Rc7 Qg6 48. Qf2 Qe4 1/2-1/2

[Event "LTU-chT"]
[Site "Lithuania"]
[Date "2015.03.29"]
[Round "7.7"]
[White "Bucinskas, Lukas"]
[Black "Marciulionis, Rolandas"]
[Result "1-0"]
[WhiteElo "1767"]
[BlackElo "1724"]
[PlyCount "91"]
[EventDate "2015.01.24"]
[EventType "team-tourn"]
[EventRounds "7"]
[EventCountry "LTU"]
[SourceTitle "EXT 2016"]
[Source "ChessBase"]
[SourceDate "2015.10.08"]
[SourceVersion "1"]
[SourceVersionDate "2015.10.08"]
[SourceQuality "1"]
[WhiteTeam "Siauliai Tomas"]
[BlackTeam "Rokiskis"]
[WhiteTeamCountry "LTU"]
[BlackTeamCountry "LTU"]

1. c4 e5 2. Nc3 d6 3. g3 f5 4. Bg2 c6 5. d3 Be6 6. Nf3 Nf6 7. 0-0 g6 8. b4 Bg7 9. b5 h6 10. bxc6 Nxc6 11. Rb1 Rb8 12. Qa4 0-0 13. Ba3 Rf7 14. Nd2 d5 15. cxd5 Nxd5 16. Nb5 a6 17. Nd6 Nc3 18. Nxf7 Bxf7 19. Qc2 Nd4 20. Qb2 Nxb1 21. Nxb1 b5 22. Qd2 a5 23. Bb2 b4 24. e3 Ne6 25. a3 Nc5 26. d4 e4 27. axb4 Nb3 28. Qe2 Rxb4 29. Nd2 Qb8 30. Bc3 Rb5 31. Rb1 a4 32. Bf1 Rb7 33. Qa6 Rc7 34. Bc4 Bxc4 35. Nxc4 Qc8 36. Qxa4 Rxc4 37. Qxb3 Kh7 38. Bd2 Rc2 39. Qb4 g5 40. Ra1 Qd7 41. Ra6 f4 42. exf4 Qg4 43. fxg5 Qd1+ 44. Be1 hxg5 45. Qa5 Re2 46. Qf5+ 1-0

[Event "Plunge op 34th"]
[Site "Plateliai"]
[Date "2014.07.16"]
[Round "4"]
[White "Bucinskas, Lukas"]
[Black "Vicas, Marijus"]
[Result "0-1"]
[WhiteElo "1809"]
[BlackElo "2060"]
[PlyCount "96"]
[EventDate "2014.07.14"]
[EventType "swiss"]
[EventRounds "9"]
[EventCountry "LTU"]
[SourceTitle "EXT 2015"]
[Source "ChessBase"]
[SourceDate "2014.11.20"]
[SourceVersion "1"]
[SourceVersionDate "2014.11.20"]
[SourceQuality "1"]

1. d4 d5 2. c4 e6 3. Nc3 Nf6 4. Bg5 Nbd7 5. cxd5 exd5 6. e3 Be7 7. Bd3 0-0 8. Nf3 c6 9. 0-0 h6 10. Bh4 Re8 11. Qc2 Ne4 12. Bxe7 Qxe7 13. a3 Nxc3 14. Qxc3 Nf6 15. Ne5 c5 16. Rac1 c4 17. Bb1 Be6 18. Rfe1 b5 19. f3 a5 20. e4 Qb7 21. Qe3 Rad8 22. g4 dxe4 23. Bxe4 Nxe4 24. fxe4 f6 25. Ng6 Bxg4 26. d5 Bf5 27. Nh4 Rxe4 28. Nxf5 Rxe3 29. Rxe3 g6 30. Ne7+ Kf7 31. Rd1 Qxe7 32. Rxe7+ Kxe7 33. Re1+ Kd6 34. Re6+ Kxd5 35. Rxf6 Rd6 36. Rf8 Ke4 37. Re8+ Kd3 38. Re5 Rb6 39. Kf2 Kc2 40. Re2+ Kb3 41. Kf3 c3 42. bxc3 Kxa3 43. Kf4 Kb3 44. Re3 a4 45. Ke5 Kc4 46. h4 a3 47. Re2 Ra6 48. Ra2 Kb3 0-1

[Event "Palanga Baltija op-A"]
[Site "Palanga"]
[Date "2014.06.17"]
[Round "2"]
[White "Chernyak, Viktoria"]
[Black "Bucinskas, Lukas"]
[Result "1-0"]
[WhiteElo "2070"]
[BlackElo "1806"]
[PlyCount "51"]
[EventDate "2014.06.16"]
[EventType "swiss"]
[EventRounds "9"]
[EventCountry "LTU"]
[SourceTitle "CBM 161 Extra"]
[Source "ChessBase"]
[SourceDate "2014.08.29"]
[SourceVersion "1"]
[SourceVersionDate "2014.08.29"]
[SourceQuality "1"]

1. Nf3 d5 2. g3 Nf6 3. Bg2 Bf5 4. c4 e6 5. Qb3 b6 6. Nc3 c6 7. Nd4 Bg6 8. cxd5 exd5 9. 0-0 Bc5 10. Nf3 0-0 11. d4 Bd6 12. Nh4 Re8 13. Nxg6 hxg6 14. Bg5 Qd7 15. Rac1 Qg4 16. Bxf6 gxf6 17. Nxd5 Qxd4 18. Rc4 Qe5 19. Re4 cxd5 20. Rxe5 Bxe5 21. Bxd5 Nd7 22. Bxf7+ Kg7 23. Bxe8 Rxe8 24. Qa4 Re7 25. Qxa7 Bxb2 26. Rd1 1-0

[Event "LTU-ch U16"]
[Site "Panevezys"]
[Date "2014.03.29"]
[Round "6"]
[White "Bucinskas, Lukas"]
[Black "Jurcius, Mantas"]
[Result "1-0"]
[WhiteElo "1790"]
[BlackElo "1708"]
[PlyCount "85"]
[EventDate "2014.03.25"]
[EventType "swiss"]
[EventRounds "7"]
[EventCountry "LTU"]
[SourceTitle "CBM 159 Extra"]
[Source "ChessBase"]
[SourceDate "2014.04.24"]
[SourceVersion "1"]
[SourceVersionDate "2014.04.24"]
[SourceQuality "1"]

1. c4 Nf6 2. Nc3 d5 3. cxd5 Nxd5 4. e4 Nb6 5. d4 Nc6 6. Be3 e5 7. dxe5 Qxd1+ 8. Rxd1 Nxe5 9. Nb5 Bd6 10. f4 Nec4 11. Bxb6 Nxb6 12. Nxd6+ cxd6 13. Rxd6 Be6 14. b3 Ke7 15. Rd2 a5 16. f5 Bd7 17. Nf3 a4 18. Rb2 Bc6 19. Bd3 Rhd8 20. Ke2 axb3 21. axb3 f6 22. Ke3 Nd7 23. Rc1 Ra5 24. b4 Ra3 25. b5 Nc5 26. Rxc5 Raxd3+ 27. Kf4 Bd7 28. h4 b6 29. Rc7 Rb8 30. g4 Ra8 31. Ne1 Rd1 32. Nc2 Ra4 33. Rb3 Kf8 34. Rb7 Ra2 35. Ne3 Rd6 36. Nd5 Be8 37. Rc3 Ra4 38. Kf3 Rd8 39. Rxb6 Ra2 40. Rb7 Rb2 41. b6 Bf7 42. Nf4 Rdd2 43. Rc8+ 1-0